Primitive Culture: Researches in to the Development of Mythology, Philosophy, Religion, Language, art and Coustom (Record no. 20174)

MARC details
000 -LEADER
fixed length control field 00396nam a22001337a 4500
020 ## - INTERNATIONAL STANDARD BOOK NUMBER
ISBN 9781363617876
082 ## - DEWEY DECIMAL CLASSIFICATION NUMBER
Classification number 001.42 TYL
100 ## - MAIN ENTRY--AUTHOR NAME
Author name Tylor, Edward B
245 ## - TITLE STATEMENT
Title Primitive Culture: Researches in to the Development of Mythology, Philosophy, Religion, Language, art and Coustom
260 ## - PUBLICATION, DISTRIBUTION, ETC. (IMPRINT)
Place of publication London
Name of publisher John Murray,
Year of publication 1903
300 ## - PHYSICAL DESCRIPTION
Number of Pages 502
650 ## - SUBJECT ADDED ENTRY--TOPICAL TERM
Topical Term Researches-Mythology
942 ## - ADDED ENTRY ELEMENTS (KOHA)
Koha item type Books

No items available.

                   Copyright © 2026 | Henry Martyn Institute | Hyderabad | TS-500052 | INDIA | Implemented by hmi.edu.in
Hit-Count:

Powered by Koha